| 000 | 01216cam a2200313 a 4500 | ||
|---|---|---|---|
| 999 |
_c10481 _d10481 |
||
| 001 | 710658 | ||
| 003 | OSt | ||
| 005 | 20210224152944.0 | ||
| 008 | 970911s1998 lau b 000 0 eng | ||
| 010 | _a 97041368 | ||
| 020 | _a1878990799 (alk. paper) | ||
| 040 |
_aDLC _cDLC _dDLC |
||
| 050 | 0 | 0 |
_aBV4501.2 _bC782W |
| 082 | 0 | 0 |
_a248.4 _221 _bC782W |
| 100 | 1 | _aCope, Mike. | |
| 245 | 1 | 0 |
_aWhat would Jesus do today? / _cMike Cope, Rubel Shelly. |
| 260 |
_aWest Monroe, La. : _bHoward Pub., _cc1998. |
||
| 300 |
_aviii, 191 p. ; _c24 cm. |
||
| 504 | _aIncludes bibliographical references (p. 183-191). | ||
| 600 | 0 | 0 |
_aJesus Christ _xExample. |
| 650 | 0 |
_aChristian life _xChurches of Christ authors. |
|
| 700 | 1 | _aShelly, Rubel. | |
| 856 | 4 | 2 |
_3Publisher description _uhttp://www.loc.gov/catdir/enhancements/fy0705/97041368-d.html |
| 856 | 4 | 1 |
_3Sample text _uhttp://www.loc.gov/catdir/enhancements/fy0705/97041368-s.html |
| 856 | 4 | 1 |
_3Table of contents only _uhttp://www.loc.gov/catdir/enhancements/fy0705/97041368-t.html |
| 906 |
_a7 _bcbc _corignew _d1 _eocip _f19 _gy-gencatlg |
||
| 942 |
_2ddc _cBK |
||